2025–2026 English National League Team Logos - Statistics

General Stats
  • This quiz has been taken 179 times
  • The average score is 16 of 24
Answer Stats
Picture Answer % Correct
Carlisle United
93%
Morecambe
93%
Forest Green Rovers
92%
Southend United
79%
Scunthorpe United
76%
Rochdale
73%
York City
73%
Aldershot Town
72%
Gateshead
70%
Hartlepool United
69%
Halifax Town
65%
Yeovil Town
65%
Eastleigh
64%
Sutton United
64%
Boreham Wood
60%
Boston United
60%
Truro City
60%
Altrincham
57%
Braintree Town
56%
Solihull Moors
55%
Wealdstone
55%
Woking
55%
Tamworth
54%
Brackley Town
47%
No matching quizzes found
Score Distribution
Percent of People with Each Score
Percentile by Number Answered
Your Score History
You have not taken this quiz